000 00352 a2200169 4500
001 182675
020 _a85-357-0386-1
040 _cMagnum
100 _aSantos, Jorge Fernando Dos
240 1 0 _aPalmeira seca
_lpor
245 1 0 _aPalmeira seca
300 _a112
362 0 _a2003
440 1 _aAtual
697 _aLITERATURA GERAL
942 _cBK
999 _c182675
_d182675